00661nam a2200157 a 450000100100000000500170001000800410002704000250006808200150009324500850010826001360019330000350032904900090036495201130037399900170048600002988220200930055859.0110426s1949 dr ac 000 0 spa d aDO-SdBNPbspacBNPHU axxxbH918i01aHomenajes del instituto sanmartiniano de Santo Domingo el 25 de febrero de 1949. aCiudad Trujillo, República Dominicana :bLuis Sánches Andújar Casa Editora :bEmbajada de la República de Argentina,c1949. a24 p. :bil., retrs. ;c23 cm. aBNPD 0010718PDaPDbPDcCTd2011-04-26iLF1l0oxxx H918ip29882-10r2020-06-25w2020-06-25yLFPDZNo se presta c29374d29374